00601nam a2200193Ia 4500008004100000020001800041022001300059040001300072082001700085100002100102245005800123260003800181300002200219500004000241650006000281990003700341991001000378999001900388191130s1973##################000#0#eng## a9780521097567 a74155266 aACLcACL a229.3077 CLA aClarke, Ernest G aThe wisdom of Solomonccommentary by Ernest G. Clarke aCambridgebUniversity Pressc1973 axii, 136 p. 21 cm aIncludes bibliographical references aBible. O.T. Apocrypha. Wisdom of Solomon - Commentaries a3876f0f4ac10000c4f097b04949b7869 a84978 c420361d420361